Principles of accounting : (Record no. 18437)

000 -LEADER
fixed length control field 00660pam a22002054a 4500
020 ## - INTERNATIONAL STANDARD BOOK NUMBER
ISBN 0071369724
040 ## - CATALOGING SOURCE
Transcribing agency DLC
082 00 - DEWEY DECIMAL CLASSIFICATION NUMBER
Classification number 657 MCG 2001 C145 Or.
100 1# - MAIN ENTRY--AUTHOR NAME
Personal name Lerner, Joel J.
245 10 - TITLE STATEMENT
Title Principles of accounting :
Remainder of title based on Schaum's Principles of accounting I /
260 ## - PUBLICATION, DISTRIBUTION, ETC. (IMPRINT)
Place of publication New York :
Name of publisher McGraw-Hill,
Year of publication c2001.
300 ## - PHYSICAL DESCRIPTION
Number of Pages v, 153 p. :
Other physical details ill. ;
Dimensions 21 cm.
500 ## - GENERAL NOTE
General note Abridged ed. of: Schaum's outline of theory and problems of accounting I / Joel J. Lerner, James A. Cashin.
500 ## - GENERAL NOTE
General note Includes index.
650 #0 - SUBJECT ADDED ENTRY--TOPICAL TERM
Topical Term Accounting
700 1# - ADDED ENTRY--PERSONAL NAME
Personal name Cashin, James A.
700 1# - ADDED ENTRY--PERSONAL NAME
Personal name Fulks, Daniel L.
700 1# - ADDED ENTRY--PERSONAL NAME
Personal name Lerner, Joel J.
942 ## - ADDED ENTRY ELEMENTS (KOHA)
Koha item type ADB
952 ## - LOCATION AND ITEM INFORMATION (KOHA)
Withdrawn status [LOCAL, KOHA] 0
Holdings
Source of acquisition Permanent Location Date acquired Koha item type Lost status Shelving location Current Location Full call number
A35718Library Block C2019-11-29សៀវភៅភាសាអង់គ្លេស C145Library Block C657 MCG 2001 C145 Or.
មជ្ឈមណ្ឌលឯការនៃសាកលវិទ្យាល័យភូមិន្ទកសិកម្មចំការដូង

Powered by Koha